01939nam a22003375a 450000500170000000800410001702000150005804000280007308200220010110000280012324502220015124600140037325000200038726000670040730000360047452005800051054100300109065000350112065000380115565000510119365000250124465100100126965300280127970000360130770000190134370000400136270000500140294200080145299900170146095201240147720180404114233.0180404t1999 mx o gr 000 0 eng d a9686397582 aEG-ScBUEbengcEG-ScBUE04a333.9516bMIT2221 aMittermeier, Russell A.10aHotspots :bearth's biologically richest and most endangered terrestrial ecoregions /cRussell A. Mittermeier, Norman Myers, Cristina Goettsch Mittermeier ; coordinator, Patricio Robles Gil ; foreword, Harrison Ford. 3 aHot spots a1st English ed. a[Mexico City] :bCEMEX :bConservation International,cc.1999. a430 p. :bphotographs ;c30 cm. aIncludes sections on Polynesia and Micronesia, the California coast, the Caribbean, Choco-Darien Western Ecuador, the Mediterranean Basin, Brazilian Cerrado, Tropical Andes, Central Chile, Atlantic Forest Region, the Caucasus, the Mountains of South-Central China, India and Burma, Eastern Arc Mountains and Coastal Forests of Tanzania and Kenya, Guinean Forest of West Africa, Succulent Karoo, Cape Floristic Province, Madagascar and Indian Ocean Islands, Western Ghats and Sri Lanka, Sundaland, Wallecea, Southwest Australia, the Philippines, New Caledonia, and New Zealand aAmbassador Ali Al-Hafni ; 7aEndangered ecosystems. 2BUEsh 7aBiodiversity conservation.2BUEsh 7aEndangered ecosystemsvPictorial works.2BUEsh 7aBiodiversity.2BUEsh 2BUEsh bBUSBOLbGGENcApril20181 aMittermeier, Cristina Goettsch.1 aMyers, Norman.1 aRobles Gil, Patricio,ecoordinator.1 aFord, Harrison,eauthor of introduction, etc. 2ddc c26467d26439 00102ddc40708Donation-GaMAINbMAINc1STd2018-04-04eDonationl0o333.9516 MITp000043154r2025-07-15 00:00:00yBB